000 00625nam a22002297a 4500
005 20170124110124.0
010 _a548514
020 _c00.00
035 _a548514
037 _bCen Lib/Ret
040 _aDPL
_bEN
082 _a921
_bBAK
100 _aBaker, Carlos
_931155
245 _aEarnest Hemingway :
_cby Carlos Baker
_ba life story /
260 _aLondon
_bCollins
_c1969
270 _aSt James's Plece
300 _a702p.
_c21cm(Hb)
500 _aIncludes index
650 _aA matter of life and death
_931156
650 _aLife of Ernest Hemingway
_931157
942 _2ddc
_cEN
_h921
_mBAK
999 _c131206
_d131206